Organizational behavior: (Record no. 3223)
[ view plain ]
| 000 -LEADER | |
|---|---|
| fixed length control field | 00503nam a22001577a 4500 |
| 020 ## - INTERNATIONAL STANDARD BOOK NUMBER | |
| International Standard Book Number | 9780071289481 |
| 050 ## - LIBRARY OF CONGRESS CALL NUMBER | |
| Classification number | HD58.7 |
| Item number | .N49 2011 |
| 100 ## - MAIN ENTRY--PERSONAL NAME | |
| Personal name | Newstrom, John W. |
| 245 ## - TITLE STATEMENT | |
| Title | Organizational behavior, |
| Remainder of title | human behavior at work. |
| Statement of responsibility, etc. | John W. Newstrom |
| 250 ## - EDITION STATEMENT | |
| Edition statement | 13th ed. |
| 260 ## - PUBLICATION, DISTRIBUTION, ETC. (IMPRINT) | |
| Place of publication, distribution, etc. | Boston: |
| Name of publisher, distributor, etc. | McGraw-Hill, |
| Date of publication, distribution, etc. | 2011. |
| 300 ## - PHYSICAL DESCRIPTION | |
| Extent | xxii, 554p.: |
| 500 ## - GENERAL NOTE | |
| General note | includes table of contents, glossary, appendix, references and index. |
| 650 ## - SUBJECT ADDED ENTRY--TOPICAL TERM | |
| Form subdivision | 1. Human behavior 2. Leadership-Empowerment. |
| 942 ## - ADDED ENTRY ELEMENTS (KOHA) | |
| Koha item type | General circulation |
| Withdrawn status | Lost status | Source of classification or shelving scheme | Damaged status | Not for loan | Home library | Current library | Shelving location | Date acquired | Cost, normal purchase price | Total Checkouts | Full call number | Barcode | Date last seen | Cost, replacement price | Price effective from | Koha item type | Public note | Date last checked out |
|---|---|---|---|---|---|---|---|---|---|---|---|---|---|---|---|---|---|---|
| Library of Congress Classification | Kitui Town Campus Library | Kitui Town Campus Library | General Stacks | 02/04/2015 | 1305.00 | HD 58.7 .N49 2011 | 2024/028025 | 02/04/2015 | 1500.00 | General circulation | dm | |||||||
| Library of Congress Classification | Kitui Town Campus Library | Kitui Town Campus Library | General Stacks | 20/04/2015 | 1305.00 | 3 | HD 58.7 .N49 2011 | 2024/028016 | 28/11/2019 | 1500.00 | General circulation | 15/11/2019 | ||||||
| Library of Congress Classification | Kitui Town Campus Library | Kitui Town Campus Library | General Stacks | 20/05/2025 | HD 58.7 .N49 2011 | 2024/028015 | 20/05/2025 | 20/05/2025 | General circulation | |||||||||
| Library of Congress Classification | Kitui Town Campus Library | Kitui Town Campus Library | General Stacks | 20/05/2025 | HD 58.7 .N49 2011 | 2017/020142 | 20/05/2025 | 20/05/2025 | General circulation | |||||||||
| Library of Congress Classification | Kitui Town Campus Library | Kitui Town Campus Library | General Stacks | 20/05/2025 | HD 58.7 .N49 2011 | 2017/020141 | 20/05/2025 | 20/05/2025 | General circulation | |||||||||
| Library of Congress Classification | Wote Campus Library | Wote Campus Library | General Stacks | 04/03/2015 | 1305.00 | HD58.7 .N49 2011 | 2024/027392 | 16/04/2016 | 1500.00 | 04/03/2015 | General circulation |